000 00595nam a2200229 a 4500
001 BRCA_6571
005 20190320205516.0
008 300911s1913----gw-a######---#000-0#ger-#
041 _ager
044 _agw
050 4 _aRA425
_b.D44 1913
100 1 _aDekker, Hermann
_916390
245 1 0 _aVom sieghaften Zellenstaat
_cvon Dr. Hermann Dekker.
260 _aStuttgart, Alemania
_bKosmos
_cc1913
300 _a108 cm.
_bil.
_c20 cm.
500 _aIncluye índice alfabético
500 _aL115
650 1 4 _aHigiene
_916391
650 1 4 _aCélulas
_916392
902 _aGFM
942 _2lcc
_cB
999 _c6255
_d6255